Regional Economic Outlook, April 2014, Sub-Saharan Africa : Fostering Durable and Inclusive Growth.

The five Regional Economic Outlooks published biannually by the IMF cover Asia and Pacific, Europe, the Middle East and Central Asia, Sub-Saharan Africa, and the Western Hemisphere. In each volume, recent economic developments and prospects for the region are discussed as a whole, as well as for spe...

Полное описание

Библиографические подробности
Соавтор: International Monetary Fund
Формат: Журнал
Язык:English
Опубликовано: Washington, D.C. : International Monetary Fund, 2014.
Серии:Regional Economic Outlook
Online-ссылка:Full text available on IMF
LEADER 02088cas a2200241 a 4500
001 AALejournalIMF014168
008 230101c9999 xx r poo 0 0eng d
020 |c 20.00 USD 
020 |z 9781484342886 
022 |a 2071-3207 
040 |a BD-DhAAL  |c BD-DhAAL 
110 2 |a International Monetary Fund. 
245 1 0 |a Regional Economic Outlook, April 2014, Sub-Saharan Africa :   |b Fostering Durable and Inclusive Growth. 
264 1 |a Washington, D.C. :  |b International Monetary Fund,  |c 2014. 
300 |a 1 online resource (113 pages) 
490 1 |a Regional Economic Outlook 
500 |a <strong>Off-Campus Access:</strong> No User ID or Password Required 
500 |a <strong>On-Campus Access:</strong> No User ID or Password Required 
506 |a Electronic access restricted to authorized BRAC University faculty, staff and students 
520 3 |a The five Regional Economic Outlooks published biannually by the IMF cover Asia and Pacific, Europe, the Middle East and Central Asia, Sub-Saharan Africa, and the Western Hemisphere. In each volume, recent economic developments and prospects for the region are discussed as a whole, as well as for specific countries. The reports include key data for countries in the region. Each report focuses on policy developments that have affected economic performance in the region, and discusses key challenges faced by policymakers. The near-term outlook, key risks, and their related policy challenges are analyzed throughout the reports, and current issues are explored, such as when and how to withdraw public interventions in financial systems globally while maintaining a still-fragile economic recovery.These indispensable surveys are the product of comprehensive intradepartmental reviews of economic developments that draw primarily on information the IMF staff gathers through consultation with member countries. 
538 |a Mode of access: Internet 
830 0 |a Regional Economic Outlook 
856 4 0 |z Full text available on IMF  |u http://elibrary.imf.org/view/books/086/21107-9781484342886-en/21107-9781484342886-en-book.xml  |z IMF e-Library